| 000 | 01368nam a2200349Ia 4500 | ||
|---|---|---|---|
| 001 | ebr10135707 | ||
| 003 | CaPaEBR | ||
| 006 | m u | ||
| 007 | cr cn||||||||| | ||
| 008 | 050930s2006 nyu sb 001 0 eng d | ||
| 010 | _z 2005049547 | ||
| 020 | _z1403983097 | ||
| 020 | _z1403971307 (alk. paper) | ||
| 020 | _z9781403971302 | ||
| 040 |
_aCaPaEBR _cCaPaEBR |
||
| 035 | _a(OCoLC)647537318 | ||
| 050 | 1 | 4 |
_aPQ4394 _b.S76 2006eb |
| 100 | 1 |
_aStone, Gregory B., _d1961- |
|
| 245 | 1 | 0 |
_aDante's pluralism and the Islamic philosophy of religion _h[electronic resource] / _cGregory B. Stone. |
| 250 | _a1st ed. | ||
| 260 |
_aNew York : _bPalgrave Macmillan, _c2006. |
||
| 300 | _a326 p. | ||
| 490 | 1 | _aThe new Middle Ages | |
| 504 | _aIncludes bibliographical references (p. [311]-317) and index. | ||
| 533 |
_aElectronic reproduction. _bPalo Alto, Calif. : _cebrary, _d2011. _nAvailable via World Wide Web. _nAccess may be limited to ebrary affiliated libraries. |
||
| 600 | 0 | 0 |
_aDante Alighieri, _d1265-1321. _tDivina commedia _vSources. |
| 650 | 0 | _aIslamic eschatology in literature. | |
| 655 | 7 |
_aElectronic books. _2local |
|
| 710 | 2 | _aebrary, Inc. | |
| 830 | 0 | _aNew Middle Ages (Palgrave Macmillan (Firm)) | |
| 856 | 4 | 0 |
_uhttp://site.ebrary.com/lib/rucke/Doc?id=10135707 _zAn electronic book accessible through the World Wide Web; click to view |
| 999 |
_c86999 _d86999 |
||